| 000 | 01842nam a2200373 a 4500 | ||
|---|---|---|---|
| 001 | ebr10386863 | ||
| 003 | CaPaEBR | ||
| 006 | m u | ||
| 007 | cr cn||||||||| | ||
| 008 | 070508s2007 enk sb 001 0 eng | ||
| 010 | _z 2007019391 | ||
| 020 | _z9781845532598 (hbk.) | ||
| 020 | _z1845532597 (hbk.) | ||
| 020 | _z9781845532604 (pbk.) | ||
| 020 | _z1845532600 (pbk.) | ||
| 040 |
_aCaPaEBR _cCaPaEBR |
||
| 035 | _a(OCoLC)647929382 | ||
| 050 | 1 | 4 |
_aBP42 _b.H84 2007eb |
| 082 | 0 | 4 |
_a297.071 _222 |
| 100 | 1 |
_aHughes, Aaron W., _d1968- |
|
| 245 | 1 | 0 |
_aSituating Islam _h[electronic resource] : _bthe past and future of an academic discipline / _cAaron W. Hughes. |
| 260 |
_aLondon ; _aOakville, CT : _bEquinox Pub., _c2007. |
||
| 300 | _a132 p. | ||
| 490 | 1 | _aReligion in culture | |
| 504 | _aIncludes bibliographical references (p. [121]-127) and index. | ||
| 505 | 0 | _aIntroduction -- Loss of memory, loss of focus : Geiger, Said, and the search for missing origins -- The invention of the Middle East : religion and the quest for understanding the Muslim mind -- Tensions past, tensions future : Middle Eastern studies confronts religious studies -- We study Muslim constructions, not Muslims, right? -- The implosion of a discipline : 9/11 and the Islamic studies scholar as media expert -- Conclusion : towards a future imperfect. | |
| 533 |
_aElectronic reproduction. _bPalo Alto, Calif. : _cebrary, _d2013. _nAvailable via World Wide Web. _nAccess may be limited to ebrary affiliated libraries. |
||
| 650 | 0 |
_aIslam _xStudy and teaching. |
|
| 650 | 0 |
_aIslam _xResearch. |
|
| 655 | 7 |
_aElectronic books. _2local |
|
| 710 | 2 | _aebrary, Inc. | |
| 830 | 0 | _aReligion in culture. | |
| 856 | 4 | 0 |
_uhttp://site.ebrary.com/lib/rucke/Doc?id=10386863 _zAn electronic book accessible through the World Wide Web; click to view |
| 999 |
_c101189 _d101189 |
||